Biochar: Benefits aplenty to rubber planters and workers (Record no. 54730)

MARC details
000 -LEADER
fixed length control field 00566nam a2200157Ia 4500
100 ## - MAIN ENTRY--AUTHOR NAME
Personal name Dharmakeerthi RS
245 #0 - TITLE STATEMENT
Title Biochar: Benefits aplenty to rubber planters and workers
260 ## - PUBLICATION, DISTRIBUTION, ETC. (IMPRINT)
Name of publisher Rubber Asia
Year of publication 2013
300 ## - PHYSICAL DESCRIPTION
Number of Pages 66-71
520 ## - SUMMARY, ETC.
Summary, etc Biochar technology can be considered as a black magic that improves the productivity in rubber lands and livelihood of the people, while protecting the rubber growing environments.
650 ## - SUBJECT ADDED ENTRY--TOPICAL TERM
Topical Term Biochar
650 ## - SUBJECT ADDED ENTRY--TOPICAL TERM
Topical Term Rubber planters
650 ## - SUBJECT ADDED ENTRY--TOPICAL TERM
Topical Term Workers
942 ## - ADDED ENTRY ELEMENTS (KOHA)
Koha item type Journals
Holdings
Withdrawn status Lost status Damaged status Not for loan Home library Current library Shelving location Date acquired Serial Enumeration / chronology Koha item type
      Journals RRII Library RRII Library Rubber general 23/09/2013 Volume 28, Issue 4 Journals